Irn-Bru Quiz - Statistics

General Stats
  • This quiz has been taken 5 times
  • The average score is 9 of 17
Answer Stats
Hint Answer % Correct
What colour is it? Orange
100%
How many ingredients does Irn-Bru have? 32
80%
When was Irn-Bru first released? 1901
60%
What is on the Irn-Bru logo A man
60%
Who produces Irn-Bru? Barr
60%
What are the flavours of Irn-Bru energy? Diablo
60%
Current variations of Irn-Bru Irn-Bru
60%
Current variations of Irn-Bru Irn-Bru Xtra
60%
What was it originally called in its test launch in 1899? Iron Brew
60%
What are the flavours of Irn-Bru energy? Maverick
60%
What are the flavours of Irn-Bru energy? Origin
60%
What is on the Irn-Bru logo A girder
40%
Where are they produced? Cumbernauld
40%
What are the flavours of Irn-Bru energy? Dropkick
40%
Current variations of Irn-Bru Irn-Bru Sugar Free
40%
Discontinued types of Irn-Bru Fiery Irn-Bru
20%
Discontinued types of Irn-Bru Irn-Bru Xs
20%
No matching quizzes found
Score Distribution
Percent of People with Each Score
Percentile by Number Answered
Your Score History
You have not taken this quiz